=LDR 00000nam 2200000 4500 =001 INLIS000000000053757 =005 20190206081131 =035 ##$$a 0010-0219000014 =007 ta =008 190206###########################0###### =020 ##$$a 979-3407-95-6 =082 ##$$a 297.412 21 =084 ##$$a 297.412 21 ABD p =100 #$$a Abdullah bi Za'i al-Unazzi =245 1#$$a Panduan Lengkap Shalat Sunnah Rawatib /$c Abdullah bi Za'i al-Unazzi =260 ##$$a Jakarta :$b Darul Haq,$c 2006 =300 ##$$a x,110 hlm. ; $c 18 Cm. =650 ##$$a Sholat Sunat =990 ##$$a 01860186 =990 ##$$a 31800225 =990 ##$$a 31800225